logo

Bir Sreshtho Munshi Abdur Rouf Library
Jhenaidah Cadet College

শত মনীষীর জীবনী / (Record no. 13374)

MARC details
000 -LEADER
fixed length control field 00873nam a2200229 a 4500
001 - CONTROL NUMBER
JCCL Control Number 13374
003 - CONTROL NUMBER IDENTIFIER
JCCL marc code BD-JhCC
005 - DATE AND TIME OF LATEST TRANSACTION
control field 20230910193122.0
008 - FIXED-LENGTH DATA ELEMENTS--GENERAL INFORMATION
fixed length control field 230910s20212018bg |||| |||| 000 0 be d
020 ## - INTERNATIONAL STANDARD BOOK NUMBER
International Standard Book Number 984700226001135
035 ## - SYSTEM CONTROL NUMBER
system control number (BD-JhCC)
040 ## - CATALOGING SOURCE
Original cataloging agency BD-JhCC
Modifying agency BD-JhCC
041 ## - LANGUAGE CODE
Language code of Book ben
082 ## - DEWEY DECIMAL CLASSIFICATION NUMBER
Classification number 920
Author mark and Year HAR 2018
100 ## - MAIN ENTRY--PERSONAL NAME
Personal name হার্ট, মাইকেল এইচ
245 ## - TITLE STATEMENT
Title শত মনীষীর জীবনী /
Statement of responsibility, etc মাইকেল এইচ হার্ট এবং অনুবাদক অধ্যাপক রঞ্জন দাসগুপ্ত
260 ## - PUBLICATION, DISTRIBUTION, ETC. (IMPRINT)
Place of publication, distribution, etc ঢাকা :
Name of publisher, distributor, etc জোনাকি প্রকাশনী,
Date of publication, distribution, etc ২০১৮
300 ## - PHYSICAL DESCRIPTION
Pagination ৫৯১ পৃ. :
Dimensions ২১ সেমি.
650 ## - SUBJECT ADDED ENTRY--TOPICAL TERM
Topical term or geographic name as entry element Collection of Biography
700 ## - ADDED ENTRY--PERSONAL NAME
Personal name দাসগুপ্ত, অধ্যাপক রঞ্জন
942 ## - ADDED ENTRY ELEMENTS (KOHA)
Source of classification or shelving scheme Dewey Decimal Classification
Koha item type Books
Holdings
Source of classification or shelving scheme Damaged status Not for loan Home library Current library Shelving location Date of accession Cost, normal purchase price Total Checkouts Full call number Barcode Date last seen Copy number Method of acquisition Koha item type Currency
Dewey Decimal Classification     JCC Rouf Library JCC Rouf Library General Stacks 06/23/2023 450.00   920 HAR 2018 18322 09/10/2023 C-1 Purchase Books BDT

JCC Library | Contacts | JCC Home

Last Update on 23 September 2017
Copyright @ 2017-2020 JCC Rouf Library
Rouf Library, Jhenidah Cadet College (JCC), Bangladesh